| 000 | 00749cam a2200193 a 4500 | ||
|---|---|---|---|
| 001 | 000007632 | ||
| 005 | 20200929154235.0 | ||
| 008 | 771208s1940 mauab 001 0 eng | ||
| 040 |
_aDO-SdBNP _bspa _cBNPHU |
||
| 082 |
_a973.16 _vM861p |
||
| 100 | 1 |
_aMorison, Samuel Eliot, _d1887-1976. _94889 |
|
| 245 | 1 | 0 |
_aPortuguese voyages to America in the fifteenth century / _cSamuel Eliot Morison. |
| 260 |
_aCambridge : _bHarvard University Press, _c1940. |
||
| 300 |
_axiv, 151 p. : _bil., maps. ; _c21 cm. |
||
| 490 | 1 |
_aHarvard Historical Monographs _vXIV |
|
| 651 | 0 |
_aAmerica _xDiscovery And Exploration _xPortuguese. _921174 |
|
| 651 | 0 |
_aPortugal _xHistory _yPeriod of discoveries, 1385-1580. _921175 |
|
| 830 | 0 |
_aHarvard Historical Monographs ; _vXIV _921176 |
|
| 999 |
_c7412 _d7412 |
||